K voprosu soderžanija predmeta "Mežkuľturnaja kommunikacija"

Ciele a obsah vyučovacej disciplíny interkultúrna komunikácia. Kultúrne odlišnosti vo vyjadrovaní emócií a zdvorilostnej komunikácii v súvislosti s národným charakterom. Potenciál komunikačnej produktivity pri používaní cudzieho jazyka. Lingvodidaktika cudzích jazykov.

Gespeichert in:
Bibliographische Detailangaben
1. Verfasser: Dulebová, Irina
Format: Buchkapitel
Sprache:Russisch
Schlagworte:
Tags: Tag hinzufügen
Keine Tags, Fügen Sie das erste Tag hinzu!

MARC

LEADER 00000nla$a2200000$$$4500
001 0149924
005 20240502072710.0
041 0 |a rus 
044 |a SK 
245 1 0 |a K voprosu soderžanija predmeta "Mežkuľturnaja kommunikacija"  |c Irina Dulebová 
520 |a Ciele a obsah vyučovacej disciplíny interkultúrna komunikácia. Kultúrne odlišnosti vo vyjadrovaní emócií a zdvorilostnej komunikácii v súvislosti s národným charakterom. Potenciál komunikačnej produktivity pri používaní cudzieho jazyka. Lingvodidaktika cudzích jazykov. 
610 2 0 |a jazyky cudzie 
610 2 0 |a didaktika 
610 2 0 |a štylistika 
610 2 0 |a fonetika 
610 2 0 |a jazykoveda 
610 2 0 |a preklady 
610 2 0 |a komunikácia multikultúrna 
100 1 |a Dulebová, Irina